Contratos inteligentes : un análisis teórico desde la autonomía privada en el ordenamiento jurídico colombiano /
Wedi'i Gadw mewn:
| Prif Awdur: | |
|---|---|
| Fformat: | Electronig eLyfr |
| Iaith: | Sbaeneg |
| Cyhoeddwyd: |
Santa Marta D.T.C.H., Colombia :
Editorial Unimagdalena,
[2022]
|
| Cyfres: | Colección Ciencias Sociales. Serie Derecho y ciencias políticas.
|
| Pynciau: | |
| Mynediad Ar-lein: | Digitalia Hispánica |
| Tagiau: |
Ychwanegu Tag
Dim Tagiau, Byddwch y cyntaf i dagio'r cofnod hwn!
|
MARC
| LEADER | 00000nam a2200000Ii 4500 | ||
|---|---|---|---|
| 001 | DIGUNIMAG0104 | ||
| 003 | NyNyDIG | ||
| 007 | cr ||||||||||| | ||
| 008 | 221120s2022 ck ob 000 0 spa d | ||
| 006 | m o d | ||
| 035 | |a (OCoLC)1309038739 | ||
| 040 | |a DGITA |b eng |e rda |e pn |c DGITA | ||
| 020 | |a 9789587464801 |q eBook |q ePub | ||
| 020 | |a 9789587464818 |q eBook |q pdf | ||
| 020 | |z 9789587464795 | ||
| 043 | |a s-ck--- | ||
| 050 | 1 | 4 | |a K845.E44 ebook |
| 100 | 1 | |a Fuentes Blanco, Edgar Andrés, |e author. | |
| 245 | 1 | 0 | |a Contratos inteligentes : |b un análisis teórico desde la autonomía privada en el ordenamiento jurídico colombiano / |c Edgar Andrés Fuentes Blanco. |
| 264 | 1 | |a Santa Marta D.T.C.H., Colombia : |b Editorial Unimagdalena, |c [2022] | |
| 300 | |a 1 online resource. | ||
| 336 | |a text |b txt |2 rdacontent | ||
| 337 | |a computer |b c |2 rdamedia | ||
| 338 | |a online resource |b cr |2 rdacarrier | ||
| 347 | |a text file |2 rdaft | ||
| 347 | |b EPUB | ||
| 490 | 1 | |a Colección Ciencias Sociales. |a Serie Derecho y ciencias políticas | |
| 504 | |a Includes bibliographical references. | ||
| 588 | 0 | |a Online resource; title from ePub title page (Digitalia, viewed November 20, 2022) | |
| 650 | 0 | |a Smart contracts |z Colombia. | |
| 650 | 0 | |a Contracts |z Colombia. | |
| 655 | 0 | |a Electronic books. | |
| 791 | 2 | |a Digitalia (Firm), |e distributor. | |
| 793 | 0 | |g Digitalia eBook Collection: |a Ediciones Unimagdalena | |
| 776 | 0 | 8 | |i Print version: |a Fuentes Blanco, Edgar Andrés. |t Contratos inteligentes. |b Primera edición. |d Santa Marta D.T.C.H., Colombia : Editorial Unimagdalena, [2022] |z 9789587464795 |
| 830 | 0 | |a Colección Ciencias Sociales. |p Serie Derecho y ciencias políticas. | |
| 856 | 4 | 0 | |3 Digitalia Hispánica |u https://digitalia.unach.elogim.com/a/111766/ |
| 910 | |a Premium collection: 2022 | ||